<?xml version="1.0" encoding="UTF-8"?>
<record
    xmlns:xsi="http://www.w3.org/2001/XMLSchema-instance"
    xsi:schemaLocation="http://www.loc.gov/MARC21/slim http://www.loc.gov/standards/marcxml/schema/MARC21slim.xsd"
    xmlns="http://www.loc.gov/MARC21/slim">

  <leader>01220cam a22002535a 4500</leader>
  <controlfield tag="001">15907656</controlfield>
  <controlfield tag="005">20201128023827.0</controlfield>
  <controlfield tag="008">090916t2009    gw a   frb    101 0 eng d</controlfield>
  <datafield tag="020" ind1=" " ind2=" ">
    <subfield code="a">9783642045110</subfield>
  </datafield>
  <datafield tag="040" ind1=" " ind2=" ">
    <subfield code="a">BTCTA</subfield>
    <subfield code="c">BTCTA</subfield>
    <subfield code="d">OHX</subfield>
    <subfield code="d">BWX</subfield>
    <subfield code="d">UUM</subfield>
    <subfield code="d">YDXCP</subfield>
    <subfield code="d">MUU</subfield>
    <subfield code="d">DLC</subfield>
    <subfield code="d">EG-ScBUE</subfield>
    <subfield code="b">eng</subfield>
  </datafield>
  <datafield tag="082" ind1="0" ind2="4">
    <subfield code="2">22</subfield>
    <subfield code="b">CON</subfield>
    <subfield code="a">004</subfield>
  </datafield>
  <datafield tag="245" ind1="0" ind2="0">
    <subfield code="a">Constructive neural networks /</subfield>
    <subfield code="c">[editors] Leonardo Franco, David A. Elizondo, and Jose M. Jerez.</subfield>
  </datafield>
  <datafield tag="260" ind1=" " ind2=" ">
    <subfield code="a">Berlin :</subfield>
    <subfield code="b">Springer-Verlag,</subfield>
    <subfield code="c">c.2009.</subfield>
  </datafield>
  <datafield tag="300" ind1=" " ind2=" ">
    <subfield code="a">viii, 291 p. :</subfield>
    <subfield code="b">ill. ;</subfield>
    <subfield code="c">25 cm.</subfield>
  </datafield>
  <datafield tag="490" ind1="0" ind2=" ">
    <subfield code="a">Studies in computational intelligence ;</subfield>
    <subfield code="v">v. 258.</subfield>
  </datafield>
  <datafield tag="504" ind1=" " ind2=" ">
    <subfield code="a">Includes bibliographical references and index.</subfield>
  </datafield>
  <datafield tag="520" ind1=" " ind2=" ">
    <subfield code="a">"This book presents a collection of invited works that consider constructive methods for neural networks, taken primarily from papers presented at a special session held during the 18th International Conference on Artificial Neural Networks (ICANN 2008) in September 2008 in Prague, Czech Republic."--Pref.</subfield>
  </datafield>
  <datafield tag="650" ind1=" " ind2="7">
    <subfield code="a">Neural networks (Computer science)</subfield>
    <subfield code="2">BUEsh</subfield>
    <subfield code="9">2046</subfield>
  </datafield>
  <datafield tag="653" ind1=" " ind2=" ">
    <subfield code="b">COMSCI</subfield>
    <subfield code="c">September2016</subfield>
  </datafield>
  <datafield tag="700" ind1="1" ind2=" ">
    <subfield code="a">Franco, Leonardo,</subfield>
    <subfield code="c">Ph.D.</subfield>
    <subfield code="e">editor.</subfield>
    <subfield code="9">6568</subfield>
  </datafield>
  <datafield tag="700" ind1="1" ind2=" ">
    <subfield code="a">Elizondo, David A.,</subfield>
    <subfield code="e">editor.</subfield>
  </datafield>
  <datafield tag="700" ind1="1" ind2=" ">
    <subfield code="a">Jerez, Jose M.,</subfield>
    <subfield code="e">editor.</subfield>
  </datafield>
  <datafield tag="942" ind1=" " ind2=" ">
    <subfield code="2">ddc</subfield>
  </datafield>
  <datafield tag="999" ind1=" " ind2=" ">
    <subfield code="c">22317</subfield>
    <subfield code="d">22289</subfield>
  </datafield>
  <datafield tag="952" ind1=" " ind2=" ">
    <subfield code="0">0</subfield>
    <subfield code="1">0</subfield>
    <subfield code="2">ddc</subfield>
    <subfield code="4">0</subfield>
    <subfield code="7">0</subfield>
    <subfield code="8">Scien. H.</subfield>
    <subfield code="a">MAIN</subfield>
    <subfield code="b">MAIN</subfield>
    <subfield code="c">LOW</subfield>
    <subfield code="d">2016-09-07</subfield>
    <subfield code="e">Purchase</subfield>
    <subfield code="g">1390.00</subfield>
    <subfield code="h">2691</subfield>
    <subfield code="l">0</subfield>
    <subfield code="o">004 CON</subfield>
    <subfield code="p">000033564</subfield>
    <subfield code="r">2025-07-15 00:00:00</subfield>
    <subfield code="v">1737.50</subfield>
    <subfield code="y">BB</subfield>
  </datafield>
</record>
